| 000 | 00459nam a2200181Ia 4500 | ||
|---|---|---|---|
| 008 | 100920s9999 xx 000 0 und d | ||
| 082 |
_b68856 _a7 थ 82 |
||
| 100 | _aODDIE BILL & BEAUMONT LAURA. | ||
| 245 | _aFROM THE TOP. | ||
| 260 |
_bA MAGNET BOOK. _c1982 |
||
| 300 |
_a138 _bसाधी |
||
| 365 | _b0 | ||
| 520 | _aस्टोरी. | ||
| 630 | _aFROM THE TOP. | ||
| 650 | _aस्टोरी. | ||
| 730 | _aFROM THE TOP. | ||
| 942 | _cBOOK | ||
| 999 |
_c711104 _d711101 |
||